<?xml version="1.0" encoding="UTF-8"?>
<record
    xmlns:xsi="http://www.w3.org/2001/XMLSchema-instance"
    xsi:schemaLocation="http://www.loc.gov/MARC21/slim http://www.loc.gov/standards/marcxml/schema/MARC21slim.xsd"
    xmlns="http://www.loc.gov/MARC21/slim">

  <leader>01163nam0a22002771  4500</leader>
  <controlfield tag="001">v19\rc\1658066</controlfield>
  <controlfield tag="005">20260406074335.0</controlfield>
  <datafield tag="035" ind1=" " ind2=" ">
    <subfield code="a">(NLR Aleph) 005229593</subfield>
  </datafield>
  <datafield tag="090" ind1=" " ind2=" ">
    <subfield code="a">5590952</subfield>
    <subfield code="c">5590952</subfield>
  </datafield>
  <datafield tag="100" ind1=" " ind2=" ">
    <subfield code="a">20061002d1890    |||y0rusy50      ca</subfield>
  </datafield>
  <datafield tag="101" ind1="0" ind2=" ">
    <subfield code="a">rus</subfield>
  </datafield>
  <datafield tag="102" ind1=" " ind2=" ">
    <subfield code="a">RU</subfield>
  </datafield>
  <datafield tag="105" ind1=" " ind2=" ">
    <subfield code="a">c   z   |||||</subfield>
  </datafield>
  <datafield tag="200" ind1="1" ind2=" ">
    <subfield code="a">&#x416;&#x438;&#x442;&#x438;&#x44F; &#x441;&#x432;&#x44F;&#x442;&#x44B;&#x445; &#x41F;&#x435;&#x442;&#x440;&#x430; &#x438; &#x410;&#x43B;&#x435;&#x43A;&#x441;&#x438;&#x44F;, &#x43C;&#x438;&#x442;&#x440;&#x43E;&#x43F;&#x43E;&#x43B;&#x438;&#x442;&#x43E;&#x432; &#x41C;&#x43E;&#x441;&#x43A;&#x43E;&#x432;&#x441;&#x43A;&#x438;&#x445;</subfield>
    <subfield code="e">[&#x421;&#x43E;&#x441;&#x442;. &#x43F;&#x43E; &#x427;&#x435;&#x442;&#x438;&#x439;-&#x41C;&#x438;&#x43D;&#x435;&#x438;]</subfield>
  </datafield>
  <datafield tag="210" ind1=" " ind2=" ">
    <subfield code="a">[&#x421;&#x430;&#x43D;&#x43A;&#x442;-&#x41F;&#x435;&#x442;&#x435;&#x440;&#x431;&#x443;&#x440;&#x433;]</subfield>
    <subfield code="c">&#x43A;&#x43D;. &#x43C;&#x430;&#x433;. "&#x41D;&#x430;&#x440;. &#x43F;&#x43E;&#x43B;&#x44C;&#x437;&#x430;"</subfield>
    <subfield code="d">&#x446;&#x435;&#x43D;&#x437;. 1890</subfield>
  </datafield>
  <datafield tag="215" ind1=" " ind2=" ">
    <subfield code="a">11 &#x441;.</subfield>
    <subfield code="c">&#x43F;&#x43E;&#x440;&#x442;&#x440;.</subfield>
    <subfield code="d">22</subfield>
  </datafield>
  <datafield tag="702" ind1=" " ind2="0">
    <subfield code="4">570</subfield>
    <subfield code="8">rus</subfield>
    <subfield code="7">ca</subfield>
    <subfield code="a">&#x41F;&#x435;&#x442;&#x440;</subfield>
    <subfield code="c">&#x43C;&#x438;&#x442;&#x440;&#x43E;&#x43F;&#x43E;&#x43B;&#x438;&#x442; &#x41C;&#x43E;&#x441;&#x43A;&#x43E;&#x432;&#x441;&#x43A;&#x438;&#x439; &#x438; &#x432;&#x441;&#x435;&#x44F; &#x420;&#x443;&#x441;&#x438;</subfield>
    <subfield code="f">-1326</subfield>
    <subfield code="3">RU\NLR\AUTH\7711454</subfield>
    <subfield code="9">121200</subfield>
  </datafield>
  <datafield tag="702" ind1=" " ind2="0">
    <subfield code="8">rus</subfield>
    <subfield code="7">ca</subfield>
    <subfield code="a">&#x410;&#x43B;&#x435;&#x43A;&#x441;&#x438;&#x439;</subfield>
    <subfield code="c">&#x411;&#x44F;&#x43A;&#x43E;&#x43D;&#x442;, &#x415;&#x43B;&#x435;&#x432;&#x444;&#x435;&#x440;&#x438;&#x439; &#x424;&#x435;&#x434;&#x43E;&#x440;&#x43E;&#x432;&#x438;&#x447;</subfield>
    <subfield code="c">&#x43C;&#x438;&#x442;&#x440;&#x43E;&#x43F;&#x43E;&#x43B;&#x438;&#x442; &#x412;&#x441;&#x435;&#x44F; &#x420;&#x443;&#x441;&#x438;</subfield>
    <subfield code="f">&#x43E;&#x43A;.1292-1378</subfield>
    <subfield code="3">RU\NLR\AUTH\7734152</subfield>
    <subfield code="9">17158</subfield>
  </datafield>
  <datafield tag="801" ind1=" " ind2="0">
    <subfield code="a">RU</subfield>
    <subfield code="b">NLR</subfield>
    <subfield code="c">20061002</subfield>
    <subfield code="g">psbo</subfield>
  </datafield>
  <datafield tag="801" ind1=" " ind2="0">
    <subfield code="a">RU</subfield>
    <subfield code="b">RuMoRGB</subfield>
    <subfield code="c">20061002</subfield>
    <subfield code="2">psbo</subfield>
  </datafield>
  <datafield tag="801" ind1=" " ind2="1">
    <subfield code="a">RU</subfield>
    <subfield code="b">ProSoft-M</subfield>
    <subfield code="c">20061002</subfield>
    <subfield code="2">rusmarc</subfield>
  </datafield>
  <datafield tag="801" ind1=" " ind2="2">
    <subfield code="a">RU</subfield>
    <subfield code="b">NLR</subfield>
    <subfield code="c">20070824</subfield>
    <subfield code="2">rusmarc</subfield>
  </datafield>
  <datafield tag="852" ind1=" " ind2=" ">
    <subfield code="a">NLR</subfield>
    <subfield code="j">18.19.1.74</subfield>
  </datafield>
  <datafield tag="942" ind1=" " ind2=" ">
    <subfield code="c">BOOK</subfield>
  </datafield>
  <datafield tag="980" ind1=" " ind2=" ">
    <subfield code="a">NB</subfield>
  </datafield>
  <datafield tag="995" ind1=" " ind2=" ">
    <subfield code="5">2013-10-26</subfield>
    <subfield code="b">NLR02</subfield>
    <subfield code="c">NLR02</subfield>
    <subfield code="e">RFS</subfield>
    <subfield code="f">5229593-10</subfield>
    <subfield code="k">18.19.1.74</subfield>
    <subfield code="o">0</subfield>
    <subfield code="r">BOOK</subfield>
    <subfield code="s">1819174_</subfield>
  </datafield>
</record>
